000 01770cam a2200217 4500
001 ABS67371
008 031218n2003 000 0 eng u
035 _a(Sirsi) u124645
245 _aAylesford and Co (Estate Agents) Ltd v Al-Habtoor
260 _c2003
490 _aEstates Gazette
_v[2003] 45 EG 174(CS)
520 _a[2003] EWHC 2451 (QB), 4 October 2003. Claim by estate agents (A) for outstanding fees allegedly owed by defendant (H) following the sale of a furnished residential property, in which H had a leasehold interest. A definitive letter of instruction was sent to H, providing for A to act as sole agent. A submitted that the letter was accompanied by a leaflet setting out its standard terms of business expressly as required by the Estate Agents Act 1979. H signed a pro forma endorsement at the foot of the letter but not the leaflet, which he claimed was not sent. A showed the property to the eventual purchasers. "Held": claim allowed. H was at all times aware of his liability to pay agents' fees. The letter had on the balance of probability been accompanied by the leaflet. The letter claimed such and H's signature had acknowledged it. The agency agreement persisted in line with A's standard terms of business at the date that the eventual purchasers, introduced by A during the period of their sole agency, were shown the property by A. A was entitled to remuneration calculated on the full sum paid for the leasehold and the furniture.
590 _aABS
650 _aAYLESFORD AND CO (ESTATE AGENTS) LTD V AL-HABTOOR
650 _aAGENTS FEES
650 _aTERMS OF APPOINTMENT
650 _aAGENCY AGREEMENTS
650 _aESTATE AGENTS ACT 1979
690 _aPROPERTY AND LAND LAW-AGENCY-RESIDENTIAL-CASE LAW
942 _n0
999 _c73970
_d73970